000 00451nam a22001697a 4500
003 MPLRDC
005 20220104142717.0
008 210129b ||||| |||| 00| 0 eng d
082 _a831.99 ZQF
100 _a周庆芳
245 _a象山筠海楼吟稿续集
_c
260 _a
_b马来西亚福州社团联合总会
_c1997
300 _b
490 _a马来西亚南洲诗社丛书. 2
650 _a中国诗总集
942 _cBK
_o831.99 ZQF
999 _c33090
_d33080